| 000 | 00528nam a2200169Ia 4500 | ||
|---|---|---|---|
| 008 | 140529s9999 xx 000 0 und d | ||
| 020 | _a9780230238831 | ||
| 050 |
_aHD 82 _b.Ec19 2010 |
||
| 245 |
_aEconomic growth / _cedited by Steven N. Durlauf, Lawrence Blume |
||
| 260 |
_aNew York : _bPalgrave Macmillan, _cc2010. |
||
| 300 |
_a276 p. ; _c24 cm. |
||
| 440 | _a(The new Palgrave economics collection). | ||
| 500 | _aIncludes bibliographical references and index. | ||
| 521 | _aGE | ||
| 942 |
_kFOR _cBK |
||
| 999 |
_c117654 _d117654 |
||